Medzinárodný marketing Prípadové štúdie 2

Salvato in:
Dettagli Bibliografici
Autore principale: Urban, Eduard
Ente Autore: Ekonomická univerzita v Bratislave. Obchodná fakulta
Natura: Libro
Lingua:slovacco
Pubblicazione: Bratislava EU 1994
Edizione:1. vyd.
Soggetti:
Tags: Aggiungi Tag
Nessun Tag, puoi essere il primo ad aggiungerne!!

MARC

LEADER 00000nam a2200000 4500
001 c004717
005 20221214074525.2
020 |a 80-225-0563-3 
041 0 |a slo 
044 |a SK 
245 1 0 |a Medzinárodný marketing  |b Prípadové štúdie 2  |c Eduard Urban 
250 |a 1. vyd. 
264 1 |a Bratislava  |b EU  |c 1994 
300 |a 324 s. 
610 2 0 |a marketing medzinárodný 
610 2 0 |a štúdie prípadové 
610 2 0 |a podnik 
610 2 0 |a rozbory činnosti hospodárskej 
610 2 0 |a stratégia podniková 
610 2 0 |a podnikanie 
610 2 0 |a firmy 
100 1 |a Urban, Eduard 
710 2 |a Ekonomická univerzita v Bratislave. Obchodná fakulta